| 000 | 00718nam a22002297a 4500 | ||
|---|---|---|---|
| 003 | 0 | ||
| 005 | 20250826080126.0 | ||
| 008 | 250826b xxu||||| |||| 00| 0 eng d | ||
| 020 | _a979-8-214-13551-9 | ||
| 050 |
_aP 90 _b.B53 2025 |
||
| 100 |
_aBiagi, Shirley, _eauthor. |
||
| 245 |
_aMedia/impact : _ban introduction to mass media / _cShirley Biagi. |
||
| 250 | _a13th ed. | ||
| 260 |
_aMason, OH : _bCengage, _c2025. |
||
| 300 |
_axxvi, 387 pages : _bcolored illustrations ; _c28 cm. |
||
| 504 | _aIncludes bibliographical references and index. | ||
| 650 | _aMass media. | ||
| 650 |
_aMass media _zUnited States. |
||
| 650 |
_aMass media _xInfluence. |
||
| 650 |
_aMass media _xSocial aspects. |
||
| 942 |
_2lcc _cBK |
||
| 999 |
_c367602 _d367602 |
||